Vicente Huidobro: vida y obra. Las variedades del creacionismo

Gespeichert in:
Bibliographische Detailangaben
1. Verfasser: Goic, Cedomil (VerfasserIn)
Format: Buch
Sprache:Spanisch
Veröffentlicht: Santiago Lom 2012
Ausgabe:1a. ed
Schriftenreihe:Colección Texto sobre Texto
Schlagworte:
Tags: Tag hinzufügen
Keine Tags, Fügen Sie den ersten Tag hinzu!

MARC

LEADER 00000cam a2200000 a 4500
001 UCF4596
003 CL-VaPUC
008 121213e20120000CL |||||||||||||||||spa|d
020 |a 9789560003652 
082 0 4 |a 861  |b GOI  |2 21 
100 |a Goic, Cedomil  |e author  |9 570265 
245 1 0 |a Vicente Huidobro: vida y obra. Las variedades del creacionismo 
250 |a 1a. ed 
300 |a 248 p 
942 |c BK 
945 |d 20121213 00:00:00  |a dcastane 
260 |a Santiago  |b Lom  |c 2012 
650 0 |a Poesía latinoamericana  |9 376804 
650 0 |a Poesía chilena   |9 268403 
650 0 |a Literatura chilena   |9 308278 
650 0 |a Crítica e interpretación   |9 255042 
583 |a last modification  |c 20121213 11:07:00  |k Rodrigo Vera 
490 0 |a Colección Texto sobre Texto 
999 |c 350352  |d 350350 
952 |0 0  |1 0  |4 0  |6 861_000000000000000_GOI_2012  |7 0  |8 A  |9 453635  |a BIBING  |b BIBING  |d 2019-11-22  |i 493346K  |l 2  |m 1  |o 861 GOI 2012  |p 493346K  |r 2025-01-20  |s 2023-09-13  |w 2019-11-22  |y BK  |k CUI